Syndicalisme étudiant - Statistiques

Statistiques générales
  • Ce quiz a été pris 42 fois
    37 depuis la dernière actualisation
  • Le résultat moyen est 8 sur 15
Statistiques - réponses
Questions Votre réponse % Correct
Quel est le nom du "syndicat" étudiant de droite qui a été crée en 1969? UNI
95%
En quelle année l'Union étudiante a-t-elle été crée? 2023
86%
Que signifie UNEF? Union Nationale des Etudiants de France
77%
En quelle année à été crée le syndicat étudiant "UNEF"? (sous son ancien nom) 1907
59%
En quelle année les deux UNEF se sont réunit ? 2001
59%
Quelle personnalité d'extrême droite a été à l'UNEF? Jean-Marie Le Pen
59%
Avec quel autre syndicat une partie de l'Unef a fusionné pour crée l'Union étudiante? L'Alternative
55%
En 2013, la FSE (Fédération syndicale étudiante) et Sud étudiants fusionnent et donnent naissance à un syndicat: comment s'appelle-t-il? Solidaires étudiant-e-s
55%
Quel charte adoptée par la CGT est considérée comme fondatrice du syndicalisme? (indice: elle fait l'objet de beaucoup de blagues dans le syndicalisme étudiant) Charte d'Amiens
50%
En quelle année ont été fondée les CROUS? 1955
45%
Quelle charte est considérée comme fondatrice du syndicalisme étudiant? Charte de Grenoble
45%
Dans les années 90/2000, deux UNEF co-existaient: comment s'appelaient-elles? (accronymes) Unef-SE et Unef ID
41%
Que signifie l'acronyme CROUS? Centre Régional des Oeuvres Universitaires et Scolaires
36%
Que signifie l'acronyme CNESER? Conseil National de l'Enseignement Supérieur et de la récherche
32%
Quel a été le premier nom de l'UNEF? (accronyme) UNAGEF
23%
Aucun quiz correspondant
Distribution des résultats
% des personnes avec chaque résultat
Percentile par nombre de réponses
Votre historique - résultats
Vous n’avez pas pris ce quiz depuis la dernière actualisation